Emerging Computing Paradigms: principles, advances and applications (Record no. 9626)

MARC details
000 -LEADER
fixed length control field 00644nam a22002177a 4500
003 - CONTROL NUMBER IDENTIFIER
control field OSt
005 - DATE AND TIME OF LATEST TRANSACTION
control field 20260410152305.0
008 - FIXED-LENGTH DATA ELEMENTS--GENERAL INFORMATION
fixed length control field 260410b |||||||| |||| 00| 0 eng d
020 ## - INTERNATIONAL STANDARD BOOK NUMBER
International Standard Book Number 9781119813408
040 ## - CATALOGING SOURCE
Transcribing agency DDC
082 ## - DEWEY DECIMAL CLASSIFICATION NUMBER
Classification number 004 EME 2022
100 ## - MAIN ENTRY--PERSONAL NAME
Personal name Edited by Umang, Singh; San, Murugesan; Ashish, Seth
9 (RLIN) 19575
245 ## - TITLE STATEMENT
Title Emerging Computing Paradigms: principles, advances and applications
250 ## - EDITION STATEMENT
Edition statement 1st ed.
260 ## - PUBLICATION, DISTRIBUTION, ETC. (IMPRINT)
Place of publication, distribution, etc. New Jersey; John Wiley, 2022
300 ## - PHYSICAL DESCRIPTION
Extent xxix,273p.; Ill: 26cm
504 ## - BIBLIOGRAPHY, ETC. NOTE
Bibliography, etc Bibliography, & Index included
650 ## - SUBJECT ADDED ENTRY--TOPICAL TERM
Topical term or geographic name as entry element Computer science
9 (RLIN) 2140
650 ## - SUBJECT ADDED ENTRY--TOPICAL TERM
Topical term or geographic name as entry element Computing
9 (RLIN) 122
942 ## - ADDED ENTRY ELEMENTS (KOHA)
Source of classification or shelving scheme Dewey Decimal Classification
Koha item type Open Shelf
Holdings
Withdrawn status Lost status Source of classification or shelving scheme Damaged status Not for loan Home library Current library Date acquired Source of acquisition Inventory number Total Checkouts Full call number Barcode Date last seen Koha item type
    Dewey Decimal Classification     Main Kihumuro Campus Main Kihumuro Campus 10/04/2026 Purchase 26/42544   004 EME 2022 2026-0101 10/04/2026 Open Shelf
    Dewey Decimal Classification     Main Kihumuro Campus Main Kihumuro Campus 10/04/2026 Purchase 26/42545   004 EME 2022 2026-0102 10/04/2026 Open Shelf
    Dewey Decimal Classification     Main Kihumuro Campus Main Kihumuro Campus 10/04/2026 Purchase 26/42546   004 EME 2022 2026-0103 10/04/2026 Open Shelf